000 00515nam a2200193 a 4500
005 20260322212008.0
008 data
010 _a75-39810
020 _a0393010937
020 _a978-0-393-01093-0
096 _aWM 270 K587d 1972
100 1 _aKing, Rufus
245 1 4 _aThe drug hang-up; America's fifty-year folly
_cRufus King
260 _aSpringfield, Ill.
_bCharles C. Thomas
_cc1972
300 _a389 p.
500 _aIncludes bibliography.
650 0 2 _aLegislation, Drug
_zUnited States
_xhistory
001 data
999 _c156
_d156